1504 1586 1136 1110 1392 1325 1124 1228 1576 1375 1642 1154 1252 1243 1305 1700 1293 1821 1706 1716 1719 1928 1140 1069 1587 1387 1324 1589 1626 1554 1937 1742 1539 1659 1494 1344 1416 1055 1427 1274 1570 1242 1202 1470 1664 1761 1277 1831 1065 1061 1865 1773 1677 1838 1954 1117 1773 1417 1191 1805 1911 1456 1068 1003 1776 1694 1471 1922 1294 1251 1872 1771 1730 1621 1075 1777 1991 1173 1519 1193 1241 1935 1354 1860 1617 1896 1481 1133 1856 1131 1179 1917 1141 1229 1266 1954 1310 1220 1746 BCNSPRNW ULIB Ver.6.0+V

เปลี่ยนเป็นภาษาไทย

Change to English
 แสดงรายละเอียดบรรณานุกรม
  กลับหน้าหลัก

Brief Record : Get Marc (ISO 2709) : E-mail record : QR code < ปิดหน้าต่าง
LEADER : 00000nam 2200000uu 4500
001    13399107702
003     ULIB
008    110124s2553||||th 000 0 tha d
020    9789746521345
040    cl
060 04 WE168^bย125ค 2553
100 0  ยงยุทธ ศิริปการ
245 10 ความรู้พื้นฐานทางคลินิก การรักษาผู้ป่วยทางออร์โธปิดิกค์ =^bBasic knowledge of clinical practice in orthopedic /^cยงยุทธ ศิริปการ
246 31 Basic knowledge of clinical practice in orthopedic
250    พิมพ์ครั้งที่ 1
260    กรุงเทพฯ :^bไอกรุ๊ป เพรส,^c2553
300    viii, 328 หน้า :^bภาพประกอบ ;^c26 cm
650  7 กระดูก^xศัลยกรรม
945    ^p450^l0^i029474
945    ^p450^l0^i029460
945    ^p450^l0^i029459
945    ^p450^l0^i029458
995    เกษร
999 ^a ใช้งานได้ทุกระบบ
รายการนี้ยังไม่มีแท็ก
คุณยังไม่ได้ล็อกอิน คุณสามารถมีกิจกรรมร่วมกับเว็บไซต์ได้ แต่ต้องล็อกอินก่อน ::
  ล็อกอิน

รายการสื่อสารสนเทศ

ลำดับที่ ประเภท เลขเรียก/บาร์โค้ด สถานที่ สถานะ
1. วิทยาศาสตร์การแพทย์ และสุขภาพ
วิทยาศาสตร์การแพทย์ และสุขภาพ
WE168 ย125ค 2553 ฉ.4 
  Barcode: 029458
ห้องสมุดวิทยาเขตสวรรค์ประชารักษ์
►ส่วนจัดเก็บหนังสือเก่า สปร
บนชั้น
  ขอยืม
2. วิทยาศาสตร์การแพทย์ และสุขภาพ
วิทยาศาสตร์การแพทย์ และสุขภาพ
WE168 ย125ค 2553 ฉ.5 
  Barcode: 029459
ห้องสมุดวิทยาเขตสวรรค์ประชารักษ์
►ส่วนจัดเก็บหนังสือเก่า สปร
บนชั้น
  ขอยืม
3. วิทยาศาสตร์การแพทย์ และสุขภาพ
วิทยาศาสตร์การแพทย์ และสุขภาพ
WE168 ย125ค 2553 ฉ.6 
  Barcode: 029460
ห้องสมุดวิทยาเขตสวรรค์ประชารักษ์
►ส่วนจัดเก็บหนังสือเก่า สปร
บนชั้น
  ขอยืม
4. วิทยาศาสตร์การแพทย์ และสุขภาพ
วิทยาศาสตร์การแพทย์ และสุขภาพ
WE168 ย125ค 2553 ฉ.7 
  Barcode: 029474
ห้องสมุดวิทยาเขตสวรรค์ประชารักษ์
►ส่วนจัดเก็บหนังสือเก่า สปร
บนชั้น
  ขอยืม

รายการใกล้เคียง
    ผู้แต่ง [ยงยุทธ ศิริปการ]

BibComment


ยังไม่เคยถูกคอมเมนท์

คอมเมนท์ทรัพยากรรายการนี้
  คอมเมนท์: ความรู้พื้นฐานทาง..


 Copyright 2026. Bcnsprnw @Library